[Event "3. Torneo Internacional A.D. San Juan"]
[Site "Pamplona ESP"]
[Date "2009.07.28"]
[Round "2.14"]
[White "Ortiz Suarez, Isan Reynaldo"]
[Black "Huguet, Sergio"]
[Result "1-0"]
[WhiteElo "2504"]
[BlackElo "2126"]
[PlyCount "81"]
[EventDate "2009.07.27"]
[EventType "swiss"]
[EventRounds "9"]
[EventCountry "ESP"]
[Source "lmi"]
[SourceDate "2009.07.27"]

1. e4 d5 2. exd5 Qxd5 3. Nc3 Qa5 4. d4 Nf6 5. Bd2 c6 6. Bd3 Qb6 7. Nf3 Bg4 8.
h3 Bxf3 9. Qxf3 Qxd4 10. O-O-O Nbd7 11. Be3 Qb4 12. Rhe1 g6 13. g4 Bg7 14. a3
Qa5 15. Bd4 c5 16. Bxf6 Bxf6 17. Bb5 O-O-O 18. Rxd7 Rxd7 19. Bxd7+ Kxd7 20.
Qxb7+ Qc7 21. Rd1+ Bd4 22. Qxc7+ Kxc7 23. Nb5+ Kc6 24. Nxd4+ cxd4 25. Rxd4 e5
26. Ra4 Kb6 27. Rc4 f6 28. f4 exf4 29. Rxf4 Rf8 30. b4 Kb5 31. Kb2 a5 32. Kb3
axb4 33. axb4 Kc6 34. Kc4 Kd6 35. Kd4 Ke6 36. Re4+ Kf7 37. c4 Rd8+ 38. Kc3 f5
39. gxf5 gxf5 40. Re1 Kf6 41. c5 1-0

[Event "3. Torneo Internacional A.D. San Juan"]
[Site "Pamplona ESP"]
[Date "2009.07.28"]
[Round "2.15"]
[White "Garcia Blanco, Omar"]
[Black "Reinaldo Castineira, Roi"]
[Result "0-1"]
[WhiteElo "2237"]
[BlackElo "2503"]
[PlyCount "34"]
[EventDate "2009.07.27"]
[EventType "swiss"]
[EventRounds "9"]
[EventCountry "ESP"]
[Source "lmi"]
[SourceDate "2009.07.27"]

1. e4 e5 2. Nf3 d6 3. d4 exd4 4. Nxd4 Nf6 5. Nc3 Be7 6. Be2 O-O 7. O-O Re8 8.
f4 Bf8 9. Bf3 c5 10. Nb3 Nc6 11. Be3 a6 12. a4 Nb4 13. Qe2 d5 14. Bxc5 dxe4 15.
Qc4 Nxc2 16. Rac1 Be6 17. Qe2 exf3 0-1

[Event "3. Torneo Internacional A.D. San Juan"]
[Site "Pamplona ESP"]
[Date "2009.07.28"]
[Round "3.1"]
[White "Ortiz Suarez, Isan Reynaldo"]
[Black "Fedorchuk, Sergey A"]
[Result "1/2-1/2"]
[WhiteElo "2504"]
[BlackElo "2655"]
[PlyCount "34"]
[EventDate "2009.07.27"]
[EventType "swiss"]
[EventRounds "9"]
[EventCountry "ESP"]
[Source "lmi"]
[SourceDate "2009.07.27"]

1. d4 Nf6 2. Nf3 e6 3. c4 b6 4. g3 Bb7 5. Bg2 Be7 6. O-O O-O 7. Nc3 Ne4 8. Bd2
f5 9. d5 Nd6 10. Qb3 Na6 11. Be3 Bf6 12. dxe6 dxe6 13. c5 Nxc5 14. Bxc5 bxc5
15. Qxe6+ Kh8 16. Qe3 Ne4 17. Na4 Qd5 1/2-1/2

[Event "3. Torneo Internacional A.D. San Juan"]
[Site "Pamplona ESP"]
[Date "2009.07.28"]
[Round "3.2"]
[White "Reinaldo Castineira, Roi"]
[Black "Del Rio De Angelis, Salvador G"]
[Result "1/2-1/2"]
[WhiteElo "2503"]
[BlackElo "2560"]
[PlyCount "29"]
[EventDate "2009.07.27"]
[EventType "swiss"]
[EventRounds "9"]
[EventCountry "ESP"]
[Source "lmi"]
[SourceDate "2009.07.27"]

1. e4 g6 2. d4 Bg7 3. Nc3 d6 4. Nf3 a6 5. a4 b6 6. Bc4 e6 7. O-O Nd7 8. Bg5 Ne7
9. Qd2 h6 10. Be3 Bb7 11. Rfe1 Kf8 12. h3 Kg8 13. Nh2 Nf6 14. Bd3 c5 15. dxc5
1/2-1/2

[Event "3. Torneo Internacional A.D. San Juan"]
[Site "Pamplona ESP"]
[Date "2009.07.28"]
[Round "3.3"]
[White "Lajthajm, Borko"]
[Black "Mirzoev, Azer"]
[Result "0-1"]
[WhiteElo "2484"]
[BlackElo "2559"]
[PlyCount "87"]
[EventDate "2009.07.27"]
[EventType "swiss"]
[EventRounds "9"]
[EventCountry "ESP"]
[Source "lmi"]
[SourceDate "2009.07.27"]

1. c4 e6 2. Nf3 d5 3. d4 Nf6 4. Nc3 dxc4 5. e3 a6 6. a4 c5 7. Bxc4 cxd4 8. exd4
Nc6 9. O-O Be7 10. Be3 O-O 11. d5 exd5 12. Nxd5 Nxd5 13. Bxd5 Bf6 14. Qb3 Na5
15. Qa2 Bf5 16. Rad1 Qe7 17. Rfe1 Qb4 18. Bd2 Qb6 19. b4 Nc6 20. a5 Qc7 21. Qc4
Rae8 22. Be3 Be6 23. g3 Qc8 24. Bxe6 Rxe6 25. Bc5 Rxe1+ 26. Rxe1 Re8 27. Rd1 h6
28. Kg2 Rd8 29. Re1 Qf5 30. Re4 g5 31. g4 Qd5 32. Re8+ Kg7 33. Qxd5 Rxd5 34.
Rc8 Bc3 35. Bf8+ Kg6 36. Rc7 Rb5 37. h4 Bxb4 38. h5+ Kh7 39. Bxb4 Rxb4 40.
Rxf7+ Kg8 41. Rf5 Rxg4+ 42. Kh3 Rf4 43. Rxf4 gxf4 44. Kg4 0-1

[Event "3. Torneo Internacional A.D. San Juan"]
[Site "Pamplona ESP"]
[Date "2009.07.28"]
[Round "3.4"]
[White "Garbisu De Goni, Unai"]
[Black "Maze, Sebastien"]
[Result "1-0"]
[WhiteElo "2467"]
[BlackElo "2546"]
[PlyCount "93"]
[EventDate "2009.07.27"]
[EventType "swiss"]
[EventRounds "9"]
[EventCountry "ESP"]
[Source "lmi"]
[SourceDate "2009.07.27"]

1. e4 c5 2. Nf3 Nc6 3. d4 cxd4 4. Nxd4 e5 5. Nb5 d6 6. c4 Be7 7. N1c3 a6 8. Na3
Be6 9. Nd5 Nf6 10. Bd3 O-O 11. O-O Nd7 12. Nc2 Bg5 13. Nce3 Nd4 14. b3 Bxd5 15.
cxd5 Rc8 16. Bb2 Nc5 17. Rc1 Qd7 18. Bb1 f5 19. exf5 Nxf5 20. Nxf5 Bxc1 21.
Bxc1 Rxf5 22. b4 Rf7 23. bxc5 Rxc5 24. Qd3 g6 25. Be3 Rc8 26. Qb3 Qg4 27. Bd3
Rfc7 28. h3 Qd7 29. Bd2 Rc5 30. Be2 Rf8 31. Bb4 Rc7 32. Ba5 Kg7 33. Bxc7 Qxc7
34. a4 Rf7 35. Qa3 Qc2 36. Bg4 Qc7 37. a5 h5 38. Rc1 Qd8 39. Be6 Rc7 40. Rxc7+
Qxc7 41. Qb4 Kf6 42. Kh2 Qc1 43. Qb6 Qd2 44. Qd8+ Kg7 45. Qe7+ Kh6 46. Qf8+ Kg5
47. h4+ 1-0

[Event "3. Torneo Internacional A.D. San Juan"]
[Site "Pamplona ESP"]
[Date "2009.07.28"]
[Round "3.5"]
[White "Alvarez Pedraza, Aramis"]
[Black "Rusev, Krasimir"]
[Result "1/2-1/2"]
[WhiteElo "2460"]
[BlackElo "2543"]
[PlyCount "44"]
[EventDate "2009.07.27"]
[EventType "swiss"]
[EventRounds "9"]
[EventCountry "ESP"]
[Source "lmi"]
[SourceDate "2009.07.27"]

1. d4 d5 2. c4 c6 3. Nc3 Nf6 4. e3 a6 5. Qc2 e6 6. Nf3 c5 7. cxd5 exd5 8. Be2
Nc6 9. Ne5 Qc7 10. Nxc6 Qxc6 11. O-O Be6 12. dxc5 Qxc5 13. Bd2 Bd6 14. Qa4+ Bd7
15. Qb3 d4 16. exd4 Qxd4 17. Bg5 Bc6 18. Rac1 Qe5 19. f4 Qf5 20. Bf3 O-O 21.
Bxf6 Qxf6 22. Bxc6 Bc5+ 1/2-1/2

[Event "3. Torneo Internacional A.D. San Juan"]
[Site "Pamplona ESP"]
[Date "2009.07.28"]
[Round "3.6"]
[White "Huerga Leache, Mikel"]
[Black "Libiszewski, Fabien"]
[Result "1-0"]
[WhiteElo "2456"]
[BlackElo "2535"]
[PlyCount "81"]
[EventDate "2009.07.27"]
[EventType "swiss"]
[EventRounds "9"]
[EventCountry "ESP"]
[Source "lmi"]
[SourceDate "2009.07.27"]

1. e4 c5 2. Nf3 Nc6 3. d4 cxd4 4. Nxd4 e5 5. Nb5 d6 6. N1c3 a6 7. Na3 b5 8. Nd5
Nge7 9. c4 Nd4 10. Be3 Nxd5 11. cxd5 f5 12. Bd3 fxe4 13. Bxe4 Nf5 14. O-O g6
15. Nc2 Bg7 16. Qd2 O-O 17. Nb4 Qh4 18. f3 Nxe3 19. Qxe3 Bh6 20. Qf2 Qg5 21. a4
Qd2 22. Qxd2 Bxd2 23. Nc6 b4 24. a5 Be3+ 25. Kh1 Bd7 26. Rfd1 Bc5 27. g4 Kg7
28. Rac1 Rfc8 29. b3 Bxc6 30. dxc6 Ra7 31. Bd5 Rac7 32. Be6 Rf8 33. Bd5 Rb8 34.
Ra1 Kf6 35. Kg2 Ra7 36. h4 Bd4 37. Ra4 Bb2 38. g5+ Kf5 39. Ra2 Bd4 40. Rc2 Rc7
41. Rxd4 1-0

[Event "3. Torneo Internacional A.D. San Juan"]
[Site "Pamplona ESP"]
[Date "2009.07.28"]
[Round "3.7"]
[White "Paunovic, Dragan"]
[Black "Pap, Misa"]
[Result "0-1"]
[WhiteElo "2533"]
[BlackElo "2478"]
[PlyCount "70"]
[EventDate "2009.07.27"]
[EventType "swiss"]
[EventRounds "9"]
[EventCountry "ESP"]
[Source "lmi"]
[SourceDate "2009.07.27"]

1. Nf3 c5 2. g3 b6 3. Bg2 Bb7 4. O-O Nf6 5. c4 e6 6. Nc3 a6 7. Re1 Be7 8. e4 d6
9. d4 cxd4 10. Nxd4 Qc7 11. Be3 O-O 12. Rc1 Nbd7 13. f4 h5 14. h3 Rfc8 15. b3
Nf8 16. a4 h4 17. g4 N6d7 18. g5 Qd8 19. Qd2 Nc5 20. b4 Ncd7 21. Nd1 a5 22. b5
Nc5 23. Qc2 e5 24. Nf5 exf4 25. Bxf4 Bxg5 26. Bxd6 g6 27. Bxf8 Kxf8 28. Qc3
gxf5 29. Qh8+ Ke7 30. Qg7 Bf6 31. exf5+ Kd6 32. Qxf7 Bd4+ 33. Nf2 Qg5 34. Re6+
Nxe6 35. c5+ Nxc5 0-1

[Event "3. Torneo Internacional A.D. San Juan"]
[Site "Pamplona ESP"]
[Date "2009.07.28"]
[Round "3.8"]
[White "Pogorelov, Ruslan"]
[Black "Strikovic, Aleksa"]
[Result "1/2-1/2"]
[WhiteElo "2441"]
[BlackElo "2523"]
[PlyCount "112"]
[EventDate "2009.07.27"]
[EventType "swiss"]
[EventRounds "9"]
[EventCountry "ESP"]
[Source "lmi"]
[SourceDate "2009.07.27"]

1. Nf3 c5 2. c4 Nf6 3. Nc3 e6 4. g3 b6 5. Bg2 Bb7 6. O-O d6 7. d4 cxd4 8. Qxd4
Be7 9. Bg5 a6 10. Bxf6 Bxf6 11. Qf4 O-O 12. Rfd1 Be7 13. Ne4 Bxe4 14. Qxe4 Ra7
15. Nd4 Rc7 16. b3 Rc5 17. Rd2 Qc7 18. Rad1 b5 19. cxb5 axb5 20. Qd3 Qb6 21.
Rc2 d5 22. e3 b4 23. Rdc1 Nd7 24. Bf1 Ra8 25. Rxc5 Nxc5 26. Qe2 g6 27. Rc2 Bf6
28. Qb5 Qxb5 29. Nxb5 Ne4 30. Bd3 Nc3 31. Nxc3 Bxc3 32. Bb5 Ra5 33. Ba4 Rc5 34.
Kf1 f5 35. f4 Kf7 36. Ke2 h6 37. Kd3 g5 38. Ke2 g4 39. Kd3 h5 40. h4 gxh3 41.
Rh2 Bf6 42. Rxh3 Rc3+ 43. Kd2 d4 44. exd4 h4 45. Bb5 hxg3 46. Bd3 Bh4 47. Rh1
Kg6 48. Rg1 Rc8 49. Ke3 Rc3 50. Kd2 Kh6 51. Rg2 Rc8 52. Bc4 Kh5 53. Be2+ Kg6
54. Bc4 Kf6 55. Ke2 Rc6 56. Ke3 Rd6 1/2-1/2

[Event "3. Torneo Internacional A.D. San Juan"]
[Site "Pamplona ESP"]
[Date "2009.07.28"]
[Round "3.9"]
[White "Ibarra Jerez, Jose Carlos"]
[Black "Recuero Guerra, David"]
[Result "1/2-1/2"]
[WhiteElo "2517"]
[BlackElo "2460"]
[PlyCount "51"]
[EventDate "2009.07.27"]
[EventType "swiss"]
[EventRounds "9"]
[EventCountry "ESP"]
[Source "lmi"]
[SourceDate "2009.07.27"]

1. e4 c5 2. Nf3 g6 3. d4 Bg7 4. Nc3 cxd4 5. Nxd4 Nc6 6. Nb3 Nf6 7. Be2 O-O 8.
O-O d6 9. Bg5 a6 10. Re1 b5 11. Bf1 Bb7 12. Nd5 Nd7 13. c3 h6 14. Bh4 Re8 15.
a4 bxa4 16. Rxa4 a5 17. f3 Rb8 18. Ra2 Ba8 19. Nd2 Nc5 20. Nc4 a4 21. Bf2 Ne5
22. Nxe5 Bxe5 23. Nb4 Qc8 24. Qd2 Bg7 25. Be2 Bc6 26. Bc4 1/2-1/2

[Event "3. Torneo Internacional A.D. San Juan"]
[Site "Pamplona ESP"]
[Date "2009.07.28"]
[Round "3.10"]
[White "Aleksandrov, Aleksej"]
[Black "Delorme, Axel"]
[Result "1-0"]
[WhiteElo "2616"]
[BlackElo "2434"]
[PlyCount "63"]
[EventDate "2009.07.27"]
[EventType "swiss"]
[EventRounds "9"]
[EventCountry "ESP"]
[Source "lmi"]
[SourceDate "2009.07.27"]

1. d4 e6 2. c4 Nf6 3. Nc3 Bb4 4. e3 c5 5. Bd3 d5 6. cxd5 exd5 7. Nge2 Nc6 8. a3
cxd4 9. axb4 dxc3 10. b5 Ne5 11. Nxc3 Nxd3+ 12. Qxd3 O-O 13. O-O Ne4 14. Nxd5
Be6 15. Ne7+ Qxe7 16. Qxe4 b6 17. Bd2 Qg5 18. Rfd1 Qxb5 19. Bc3 Rfd8 20. Rd6
Re8 21. Qb7 Qg5 22. h4 Qg4 23. Rd4 Qg6 24. Rxa7 Rxa7 25. Qxa7 Bf5 26. Qe7 Qe6
27. Qg5 h6 28. Qf4 b5 29. Kh2 Bc2 30. Qg3 Bg6 31. h5 Bxh5 32. Re4 1-0

[Event "3. Torneo Internacional A.D. San Juan"]
[Site "Pamplona ESP"]
[Date "2009.07.28"]
[Round "3.11"]
[White "Ninov, Nikolai"]
[Black "Cortes Bueno, Jesus Javier"]
[Result "1-0"]
[WhiteElo "2562"]
[BlackElo "2260"]
[PlyCount "71"]
[EventDate "2009.07.27"]
[EventType "swiss"]
[EventRounds "9"]
[EventCountry "ESP"]
[Source "lmi"]
[SourceDate "2009.07.27"]

1. e4 c5 2. Nf3 d6 3. d4 cxd4 4. Nxd4 Nf6 5. Nc3 Nc6 6. Bc4 Qb6 7. Nb3 e6 8.
Bf4 Ne5 9. Be2 Bd7 10. Qd2 Rc8 11. O-O-O a6 12. f3 Qc7 13. g4 b5 14. g5 Nh5 15.
Be3 Nc4 16. Bxc4 bxc4 17. Nd4 Be7 18. Nde2 Qa5 19. Ng3 g6 20. Nxh5 gxh5 21. f4
Rb8 22. Qd4 O-O 23. a3 d5 24. exd5 Rxb2 25. Kd2 Ba4 26. Rc1 Rd8 27. Ke2 Bxc2
28. Kf3 exd5 29. Qe5 Bd6 30. Qf6 Be4+ 31. Kg3 Rg2+ 32. Kh3 Rg4 33. Nxe4 dxe4
34. Rhd1 Rd7 35. Bd4 Kf8 36. Qh8+ 1-0

[Event "3. Torneo Internacional A.D. San Juan"]
[Site "Pamplona ESP"]
[Date "2009.07.28"]
[Round "3.12"]
[White "Ibrahimov, Rasul"]
[Black "Montoya Irigoyen, Inigo"]
[Result "1-0"]
[WhiteElo "2543"]
[BlackElo "2071"]
[PlyCount "71"]
[EventDate "2009.07.27"]
[EventType "swiss"]
[EventRounds "9"]
[EventCountry "ESP"]
[Source "lmi"]
[SourceDate "2009.07.27"]

1. Nf3 Nf6 2. c4 e6 3. Nc3 d5 4. d4 b6 5. cxd5 Nxd5 6. e4 Nf6 7. Bb5+ c6 8. Bd3
Ba6 9. Bxa6 Nxa6 10. Qa4 Nb4 11. O-O b5 12. Qb3 Be7 13. Bg5 a5 14. a3 Na6 15.
Rac1 O-O 16. Rfd1 h6 17. Bh4 b4 18. Bxf6 Bxf6 19. Na4 Rc8 20. Qc4 Nc7 21. axb4
axb4 22. Qxb4 Rb8 23. Qc4 Nb5 24. g3 Qa5 25. Nc5 Rfd8 26. Kg2 Nc7 27. Nd3 Nb5
28. Nf4 Nd6 29. Qe2 Nb5 30. Rc4 Rb6 31. h4 Qa2 32. Rd2 Qb3 33. Nh5 Be7 34. Ne5
Na7 35. Qg4 Bf8 36. Nf6+ 1-0

[Event "3. Torneo Internacional A.D. San Juan"]
[Site "Pamplona ESP"]
[Date "2009.07.28"]
[Round "3.14"]
[White "Rodriguez Ferraz, Borja"]
[Black "Edouard, Romain"]
[Result "0-1"]
[WhiteElo "1996"]
[BlackElo "2597"]
[PlyCount "72"]
[EventDate "2009.07.27"]
[EventType "swiss"]
[EventRounds "9"]
[EventCountry "ESP"]
[Source "lmi"]
[SourceDate "2009.07.27"]

1. d4 Nf6 2. c4 c5 3. d5 e6 4. Nc3 exd5 5. cxd5 d6 6. e4 g6 7. h3 Bg7 8. Nf3 a6
9. a4 Nbd7 10. Bd3 Nh5 11. O-O Ne5 12. Nxe5 Bxe5 13. Ne2 O-O 14. f4 Bg7 15. Qc2
Bd7 16. g4 Nf6 17. Nc3 Re8 18. Re1 Qc7 19. Qe2 Re7 20. Be3 Rae8 21. Bf2 h5 22.
g5 Nh7 23. Kg2 Qc8 24. Rh1 Bxc3 25. bxc3 Bf5 26. Rae1 Bxe4+ 27. Bxe4 Rxe4 28.
Qxe4 Rxe4 29. Rxe4 Qf5 30. Rhe1 Qxd5 31. Kg1 Nf8 32. Re8 Kg7 33. R8e7 Qf3 34.
h4 Qxf4 35. Rxb7 Ne6 36. Ra7 Qg4+ 0-1

[Event "3. Torneo Internacional A.D. San Juan"]
[Site "Pamplona ESP"]
[Date "2009.07.28"]
[Round "3.15"]
[White "Suba, Mihai"]
[Black "Ortells Perez, Victor"]
[Result "1-0"]
[WhiteElo "2540"]
[BlackElo "2064"]
[PlyCount "89"]
[EventDate "2009.07.27"]
[EventType "swiss"]
[EventRounds "9"]
[EventCountry "ESP"]
[Source "lmi"]
[SourceDate "2009.07.27"]

1. c4 g6 2. e4 Bg7 3. d4 d6 4. Nc3 Nf6 5. Be2 O-O 6. Nf3 Nbd7 7. O-O e5 8. Re1
exd4 9. Nxd4 Re8 10. f3 Nh5 11. Be3 Be5 12. Bf2 Nf4 13. Bf1 Nc5 14. Nd5 Nce6
15. Nxe6 Nxe6 16. Qd2 c6 17. Nc3 Qf6 18. Red1 b6 19. Rab1 Bb7 20. Be3 Rad8 21.
Ne2 Qe7 22. Qc1 d5 23. f4 d4 24. Bd2 Bd6 25. Nc3 Qh4 26. e5 Bf8 27. Ne4 Be7 28.
g3 Qh5 29. Bg2 c5 30. Rf1 Bxe4 31. Bxe4 Kh8 32. Bf3 Qh3 33. Bg2 Qh5 34. Bf3 Qh3
35. Qd1 h5 36. Rf2 Ng7 37. Bd5 Rf8 38. Qf3 f6 39. Qd3 fxe5 40. Qxg6 Rf6 41. Qe4
Bd6 42. Rbf1 exf4 43. Bxf4 Re8 44. Bxd6 Rxf2 45. Rxf2 1-0

[Event "3. Torneo Internacional A.D. San Juan"]
[Site "Pamplona ESP"]
[Date "2009.07.29"]
[Round "4.1"]
[White "Mirzoev, Azer"]
[Black "Garbisu De Goni, Unai"]
[Result "1-0"]
[WhiteElo "2559"]
[BlackElo "2467"]
[PlyCount "80"]
[EventDate "2009.07.27"]
[EventType "swiss"]
[EventRounds "9"]
[EventCountry "ESP"]
[Source "lmi"]
[SourceDate "2009.07.27"]

1. d4 f5 2. Nc3 Nf6 3. Bg5 d5 4. f3 Nc6 5. Qd2 g6 6. O-O-O Bg7 7. Bh6 O-O 8.
Nh3 Be6 9. Nf2 Bf7 10. Bxg7 Kxg7 11. e3 a6 12. h3 e5 13. g4 e4 14. gxf5 gxf5
15. fxe4 fxe4 16. Ne2 Ne7 17. Ng4 Ng6 18. Ng3 Nh4 19. Be2 Bg6 20. c4 dxc4 21.
Bxc4 b5 22. Bb3 c5 23. dxc5 Qxd2+ 24. Rxd2 Nf3 25. Rd6 Rac8 26. c6 Nxg4 27.
hxg4 Ne5 28. Bd5 Nxc6 29. Kb1 Ne5 30. Nf5+ Bxf5 31. gxf5 Rxf5 32. Bxe4 Rf2 33.
Rxh7+ Kg8 34. Rd1 Nf3 35. Rhd7 Ne5 36. Ra7 a5 37. Rg1+ Kf8 38. Rh1 Ke8 39. Rxa5
Nc4 40. Rxb5 Rh2 1-0

[Event "3. Torneo Internacional A.D. San Juan"]
[Site "Pamplona ESP"]
[Date "2009.07.29"]
[Round "4.2"]
[White "Pap, Misa"]
[Black "Huerga Leache, Mikel"]
[Result "1/2-1/2"]
[WhiteElo "2478"]
[BlackElo "2456"]
[PlyCount "131"]
[EventDate "2009.07.27"]
[EventType "swiss"]
[EventRounds "9"]
[EventCountry "ESP"]
[Source "lmi"]
[SourceDate "2009.07.27"]

1. e4 c5 2. c3 d5 3. exd5 Qxd5 4. d4 Nf6 5. Nf3 e6 6. Bd3 Be7 7. Be3 O-O 8. O-O
Rd8 9. Qe2 Nc6 10. Bc4 Qh5 11. dxc5 Bxc5 12. Bxc5 Qxc5 13. Nbd2 b6 14. Nb3 Qe7
15. Rfe1 Bb7 16. Ba6 Bxa6 17. Qxa6 Qc7 18. Nbd4 Nxd4 19. Nxd4 Ng4 20. Nf3 Rd7
21. h3 Nf6 22. Rad1 Rad8 23. Rd4 Rxd4 24. Nxd4 Rd7 25. a4 h6 26. Ra1 e5 27. Nf3
Rd5 28. Qe2 e4 29. Nd4 Rg5 30. Kh1 Re5 31. Re1 Qd7 32. Qc4 Rc5 33. Qb3 Rh5 34.
Qc4 Rc5 35. Qb3 Rh5 36. Qd1 Re5 37. Nb5 Rd5 38. Nd4 Re5 39. c4 Nh5 40. Nb5 Qe7
41. Qd6 Qg5 42. Re3 Re8 43. Qd5 Qg6 44. Qd7 f5 45. Nc7 Re5 46. Nd5 f4 47. Re1
Kh7 48. Qc7 Qe6 49. Qxa7 f3 50. g4 Rxd5 51. cxd5 Qe5 52. Qxb6 Ng3+ 53. Kg1 Ne2+
54. Kh1 Ng3+ 55. fxg3 Qxg3 56. Qg1 Qxh3+ 57. Qh2 f2 58. Qxh3 fxe1=Q+ 59. Kh2 e3
60. Qf3 Qd2+ 61. Kg3 e2 62. Qe4+ Kh8 63. Qe8+ Kh7 64. Qe4+ Kh8 65. Qe8+ Kh7 66.
Qe4+ 1/2-1/2

[Event "3. Torneo Internacional A.D. San Juan"]
[Site "Pamplona ESP"]
[Date "2009.07.29"]
[Round "4.3"]
[White "Fedorchuk, Sergey A"]
[Black "Reinaldo Castineira, Roi"]
[Result "1-0"]
[WhiteElo "2655"]
[BlackElo "2503"]
[PlyCount "61"]
[EventDate "2009.07.27"]
[EventType "swiss"]
[EventRounds "9"]
[EventCountry "ESP"]
[Source "lmi"]
[SourceDate "2009.07.27"]

1. e4 e5 2. Nf3 d6 3. d4 exd4 4. Nxd4 Nf6 5. Nc3 Be7 6. Nde2 O-O 7. g3 a5 8.
Bg2 a4 9. O-O c6 10. h3 Nbd7 11. g4 Ne5 12. Ng3 Re8 13. f4 Qb6+ 14. Kh1 Nc4 15.
g5 Nd7 16. Qe2 Qa6 17. b3 axb3 18. cxb3 Na3 19. Qf2 Nc5 20. Be3 b6 21. Rad1 Bf8
22. Rg1 Qa5 23. Bd2 Qa7 24. Nh5 Nb5 25. Bf3 Nxc3 26. Bxc3 Kh8 27. Qb2 Ne6 28.
Rg2 c5 29. Rxd6 Qxa2 30. Rxe6 Bxe6 31. Bxg7+ 1-0

[Event "3. Torneo Internacional A.D. San Juan"]
[Site "Pamplona ESP"]
[Date "2009.07.29"]
[Round "4.5"]
[White "Vera Gonzalez-Quevedo, Reynaldo"]
[Black "Ninov, Nikolai"]
[Result "1-0"]
[WhiteElo "2499"]
[BlackElo "2562"]
[PlyCount "61"]
[EventDate "2009.07.27"]
[EventType "swiss"]
[EventRounds "9"]
[EventCountry "ESP"]
[Source "lmi"]
[SourceDate "2009.07.27"]

1. d4 Nf6 2. c4 e6 3. Nf3 d5 4. Nc3 c5 5. cxd5 Nxd5 6. e4 Nxc3 7. bxc3 cxd4 8.
cxd4 Nc6 9. Bc4 Bb4+ 10. Bd2 Bxd2+ 11. Qxd2 O-O 12. O-O b6 13. Rfe1 Bb7 14. d5
Na5 15. Bd3 Qd6 16. Rad1 h6 17. Bb1 Rac8 18. dxe6 Qxe6 19. Nd4 Qe5 20. f4 Qc5
21. Qf2 Rfd8 22. e5 Nc4 23. Bf5 Rc7 24. Nb5 Rxd1 25. Rxd1 g6 26. Nxc7 Qxc7 27.
e6 Nd6 28. Qd4 Qc6 29. Bh3 Nf5 30. Qd8+ Kh7 31. exf7 1-0

[Event "3. Torneo Internacional A.D. San Juan"]
[Site "Pamplona ESP"]
[Date "2009.07.29"]
[Round "4.6"]
[White "Del Rio De Angelis, Salvador G"]
[Black "Fernandez Garcia, Jose Luis"]
[Result "1/2-1/2"]
[WhiteElo "2560"]
[BlackElo "2465"]
[PlyCount "67"]
[EventDate "2009.07.27"]
[EventType "swiss"]
[EventRounds "9"]
[EventCountry "ESP"]
[Source "lmi"]
[SourceDate "2009.07.27"]

1. d4 Nf6 2. c4 g6 3. Nc3 d5 4. Bf4 Bg7 5. e3 O-O 6. Nf3 c6 7. h3 Ne4 8. Be2
Nxc3 9. bxc3 c5 10. cxd5 Qxd5 11. O-O Nc6 12. c4 Qf5 13. d5 Nd4 14. Nxd4 cxd4
15. Rc1 e5 16. Bh2 dxe3 17. fxe3 Qg5 18. Rf3 Bf5 19. c5 Be4 20. Rg3 Qd8 21. Bf3
Bf5 22. e4 Bd7 23. Be2 Bh6 24. Rcc3 Rc8 25. Rgf3 Qa5 26. Bxe5 Rxc5 27. Rxc5
Qxc5+ 28. Bd4 Qc1 29. Qxc1 Bxc1 30. e5 Rc8 31. Bxa7 Rc2 32. Bf1 Rxa2 33. Bb6
Ra3 34. Rxa3 1/2-1/2

[Event "3. Torneo Internacional A.D. San Juan"]
[Site "Pamplona ESP"]
[Date "2009.07.29"]
[Round "4.7"]
[White "Recuero Guerra, David"]
[Black "Ibrahimov, Rasul"]
[Result "1/2-1/2"]
[WhiteElo "2460"]
[BlackElo "2543"]
[PlyCount "88"]
[EventDate "2009.07.27"]
[EventType "swiss"]
[EventRounds "9"]
[EventCountry "ESP"]
[Source "lmi"]
[SourceDate "2009.07.27"]

1. e4 c5 2. Nf3 e6 3. d4 cxd4 4. Nxd4 Nc6 5. Nxc6 bxc6 6. Bd3 Nf6 7. O-O d5 8.
Nd2 Be7 9. Qe2 O-O 10. b3 a5 11. Bb2 a4 12. a3 Nd7 13. b4 Bf6 14. e5 Be7 15. c4
Ba6 16. c5 Nb8 17. Nf3 Bxd3 18. Qxd3 Na6 19. Nd4 Qd7 20. f4 Nc7 21. f5 exf5 22.
Nxf5 Ne6 23. Qg3 g6 24. Rf2 Bg5 25. Qxg5 Nxg5 26. e6 gxf5 27. exd7 Ne4 28. Rxf5
Rfd8 29. b5 Rxd7 30. bxc6 Rc7 31. Rxd5 Rxc6 32. Bd4 Rac8 33. Re1 Re6 34. c6 f6
35. Ra5 Rcxc6 36. Rxa4 Kf7 37. Ra7+ Kg6 38. a4 Rc4 39. Ba1 Rd6 40. a5 Rd2 41.
Re7 Ra2 42. R7xe4 Rxe4 43. Rxe4 Rxa1+ 44. Kf2 Rxa5 1/2-1/2

[Event "3. Torneo Internacional A.D. San Juan"]
[Site "Pamplona ESP"]
[Date "2009.07.29"]
[Round "4.8"]
[White "Rusev, Krasimir"]
[Black "Pogorelov, Ruslan"]
[Result "0-1"]
[WhiteElo "2543"]
[BlackElo "2441"]
[PlyCount "122"]
[EventDate "2009.07.27"]
[EventType "swiss"]
[EventRounds "9"]
[EventCountry "ESP"]
[Source "lmi"]
[SourceDate "2009.07.27"]

1. d4 Nf6 2. c4 e6 3. Nf3 b6 4. g3 Ba6 5. Qc2 Bb7 6. Bg2 Bb4+ 7. Bd2 Bxd2+ 8.
Nbxd2 c5 9. e4 cxd4 10. e5 Ng8 11. Ne4 Bxe4 12. Qxe4 Nc6 13. Nxd4 Nxd4 14. Qxd4
Rc8 15. O-O Ne7 16. Rfd1 Qc7 17. b3 Ng6 18. f4 Qc5 19. h4 h5 20. Be4 Ne7 21.
Kh2 Qxd4 22. Rxd4 g6 23. a4 Rc7 24. a5 Nc8 25. axb6 axb6 26. Ra8 Ke7 27. Rb8
Rd8 28. Kg2 Ke8 29. Kf3 Ra7 30. Ke3 Ra1 31. Kd2 Ra2+ 32. Kc3 Ra1 33. Rd3 Re1
34. Bf3 Rg1 35. Bd1 Ne7 36. Rxb6 Nf5 37. b4 Nxg3 38. Bf3 Nf5 39. c5 Nxh4 40.
Be4 Ng2 41. c6 Nxf4 42. Rd2 Rc1+ 43. Kb2 Rc4 44. Bf3 Nd5 45. Rxd5 exd5 46. Bxd5
Rxc6 47. Bxc6 dxc6 48. Rxc6 Rd5 49. e6 fxe6 50. Rxe6+ Kf7 51. Re1 g5 52. Kc3 g4
53. Kc4 Rd8 54. b5 Kf6 55. b6 g3 56. Kc5 h4 57. Kc6 g2 58. Kc7 Rh8 59. b7 Rh7+
60. Kc6 Rxb7 61. Kxb7 h3 0-1

[Event "3. Torneo Internacional A.D. San Juan"]
[Site "Pamplona ESP"]
[Date "2009.07.29"]
[Round "4.9"]
[White "Strikovic, Aleksa"]
[Black "Alvarez Pedraza, Aramis"]
[Result "0-1"]
[WhiteElo "2523"]
[BlackElo "2460"]
[PlyCount "92"]
[EventDate "2009.07.27"]
[EventType "swiss"]
[EventRounds "9"]
[EventCountry "ESP"]
[Source "lmi"]
[SourceDate "2009.07.27"]

1. c4 e5 2. Nf3 Nc6 3. d4 exd4 4. Nxd4 Nge7 5. e4 g6 6. Nc3 Bg7 7. Be3 O-O 8.
h4 f5 9. exf5 Bxd4 10. Bxd4 Nxf5 11. Be3 Nxe3 12. fxe3 d6 13. Qd2 Bg4 14. Be2
Bxe2 15. Qxe2 Qe7 16. O-O-O Rae8 17. Nd5 Qg7 18. h5 Ne5 19. h6 Qd7 20. Rdf1 Qd8
21. Rf4 c6 22. Nc3 Qe7 23. Kc2 g5 24. Rd4 Rf6 25. Ne4 Re6 26. Ng3 Nf7 27. e4 d5
28. cxd5 cxd5 29. Kb1 dxe4 30. Nf5 Qc5 31. g4 e3 32. Rhd1 Nxh6 33. Rd5 Qc6 34.
Nxh6+ Rxh6 35. Rxg5+ Kh8 36. a3 Qe4+ 37. Ka2 Rc6 38. Ka1 Rc2 39. Qb5 e2 40. Re1
Rd2 41. Qb3 Qd3 42. Qf7 Rd1+ 43. Ka2 Qb1+ 44. Kb3 Rd3+ 45. Ka4 Re4+ 46. Ka5
Rxa3+ 0-1